| 000 | 00570nam a22001697a 4500 | ||
|---|---|---|---|
| 999 |
_c8909 _d8909 |
||
| 003 | GBCCL | ||
| 005 | 20241126110701.0 | ||
| 008 | 220121b ||||| |||| 00| 0 eng d | ||
| 040 | _cgbc | ||
| 082 |
_aVER 225.7 _bMUN |
||
| 100 |
_aMung, Thang Biak _915628 |
||
| 245 |
_aLungdamna thu bu lite hilhchetna: _btuucingte' ciangkhut, pawlpi kem siate, pasian nasemte, leh mi khempeuh ading zattangzang / _cThang Biak Mung |
||
| 260 |
_aBangalore: _bOmega book world, _c2021. |
||
| 300 | _a602p. ; | ||
| 650 |
_aBible _vNew Testament _xcommentary _915629 |
||
| 942 |
_2ddc _cBK _010 |
||